[Event "Guillermo Garcia Memorial-D"]
[Site "Santa Clara"]
[Date "2024.05.16"]
[Round "3"]
[White "Fernandez Correa, Cristian"]
[Black "Alejandre Plasencia, Reinaldo"]
[Result "0-1"]
[WhiteElo "1824"]
[BlackElo "2053"]
[PlyCount "46"]
[EventDate "2024.05.14"]
[EventType "swiss"]
[EventRounds "9"]
[EventCountry "CUB"]
[SourceTitle "CBM 220 Extra"]
[Source "ChessBase"]
[SourceDate "2024.07.31"]
[SourceVersion "1"]
[SourceVersionDate "2024.07.31"]
[SourceQuality "1"]

1. d4 g6 2. Bf4 Bg7 3. Nf3 c5 4. c3 cxd4 5. cxd4 Qb6 6. Qd2 Nc6 7. e3 d6 8. Nc3 Nf6 9. Bc4 Bg4 10. Ng5 0-0 11. f3 Bd7 12. 0-0 Rac8 13. Bb3 Na5 14. Rfc1 Nxb3 15. axb3 a6 16. Nge4 Nxe4 17. fxe4 Bc6 18. d5 Bd7 19. Ne2 Qxb3 20. Nd4 Qb6 21. Bg5 f6 22. Qf2 e5 23. Nf3 h5 0-1

[Event "Guillermo Garcia Memorial op"]
[Site "Santa Clara"]
[Date "2022.05.06"]
[Round "6"]
[White "Alejandre Plasencia, Reinaldo"]
[Black "Santos Peraza, Edel David"]
[Result "1-0"]
[WhiteElo "2060"]
[BlackElo "1762"]
[PlyCount "100"]
[EventDate "2022.04.30"]
[EventType "swiss"]
[EventRounds "9"]
[EventCountry "CUB"]
[SourceTitle "CBM 208 Extra"]
[Source "ChessBase"]
[SourceDate "2022.07.31"]
[SourceVersion "1"]
[SourceVersionDate "2022.07.31"]
[SourceQuality "1"]

1. e4 c5 2. Nf3 Nc6 3. d4 cxd4 4. Nxd4 Nf6 5. Nc3 e5 6. Ndb5 d6 7. Bg5 a6 8. Na3 b5 9. Bxf6 gxf6 10. Nd5 f5 11. Bd3 Be6 12. Qh5 Bg7 13. c4 Nd4 14. 0-0 bxc4 15. Nxc4 Bxd5 16. exd5 e4 17. Rfe1 0-0 18. Bb1 Rc8 19. b3 Rc5 20. Re3 Qf6 21. Rg3 Qh6 22. Rh3 Qxh5 23. Rxh5 Rd8 24. f3 exf3 25. Bxf5 Ne2+ 26. Kf2 Nf4 27. Bxh7+ Kh8 28. Rf5 fxg2 29. Rd1 Bh6 30. Rxf7 Re8 31. Bf5 Re2+ 32. Kf3 Rxd5 33. Rg1 Kg8 34. Bg6 Nxg6 35. Rf6 Rxa2 36. Rxg6+ Kh7 37. R1xg2 Rd3+ 38. Ke4 Rxg2 39. Rxg2 Rxb3 40. Nxd6 Ra3 41. Kd5 Ra1 42. Ne8 Rf1 43. Ke6 Kh8 44. Rg4 Rf4 45. Rg3 Rb4 46. Nf6 Rb6+ 47. Kf5 Bg7 48. Rh3+ Bh6 49. Rxh6+ Kg7 50. Rh7+ Kf8 1-0

[Event "Guillermo Garcia Memorial op"]
[Site "Santa Clara"]
[Date "2022.05.04"]
[Round "5"]
[White "Alvarez Ruiz, Esteban"]
[Black "Alejandre Plasencia, Reinaldo"]
[Result "1-0"]
[WhiteElo "2145"]
[BlackElo "2060"]
[PlyCount "120"]
[EventDate "2022.04.30"]
[EventType "swiss"]
[EventRounds "9"]
[EventCountry "CUB"]
[SourceTitle "CBM 208 Extra"]
[Source "ChessBase"]
[SourceDate "2022.07.31"]
[SourceVersion "1"]
[SourceVersionDate "2022.07.31"]
[SourceQuality "1"]

1. d4 d5 2. c4 e6 3. Nf3 Nf6 4. g3 Be7 5. Bg2 0-0 6. 0-0 c5 7. cxd5 Nxd5 8. Nc3 Nxc3 9. bxc3 Nc6 10. e4 Qa5 11. Bd2 Bf6 12. e5 Be7 13. Qe2 Rd8 14. Qe4 cxd4 15. cxd4 Qa4 16. Bg5 h6 17. Be3 Nb4 18. Qg4 Kh8 19. Qh5 Qe8 20. g4 f5 21. Qh3 Qg6 22. g5 Nd5 23. gxh6 f4 24. Bd2 Bd7 25. Kh1 Qxh6 26. Qxh6+ gxh6 27. Ne1 Bc6 28. Nd3 Bg5 29. Ne1 Rg8 30. Nf3 Bd8 31. h3 Bb6 32. a4 a6 33. a5 Ba7 34. Ra3 Rg7 35. Kh2 Rag8 36. Bh1 Rf8 37. Rg1 Rxg1 38. Kxg1 Ne7 39. Bb4 Rg8+ 40. Kh2 Nf5 41. Bc5 Bxc5 42. dxc5 Rd8 43. Rc3 Rd1 44. Bg2 Ra1 45. Nd2 Bxg2 46. Kxg2 Nh4+ 47. Kh2 Ra2 48. Ne4 Rxa5 49. Nd6 Ra2 50. Nxb7 Rxf2+ 51. Kg1 Rg2+ 52. Kf1 Rg7 53. c6 Rc7 54. Nd8 Nf5 55. Nxe6 Rc8 56. Nxf4 Kg8 57. Nd5 Kf7 58. c7 Ke6 59. Nb6 Ne7 60. Nxc8 Nxc8 1-0